000 00394nam a2200181Ia 4500
005 20250423095551.0
008 250422s9999 xx 000 0 und d
020 _a0582097207
050 _aPN 2093 .A44 1877/
100 _aShakespeare, William
245 0 _aHamlet
260 _aEssex
260 _bPearson
260 _c2008
300 _a440 p
650 _aLiterature
942 _cBK
999 _c30665
_d30665